Robustness with respect to exponents for nonautonomous reaction–diffusion equations

Elmentve itt :
Bibliográfiai részletek
Szerzők: Samprogna Rodrigo A.
Simsen Jacson
Dokumentumtípus: Folyóirat
Megjelent: 2018
Sorozat:Electronic journal of qualitative theory of differential equations
Kulcsszavak:Laplace-egyenlet, Aszimptotikus viselkedés
doi:10.14232/ejqtde.2018.1.11

Online Access:http://acta.bibl.u-szeged.hu/54816
LEADER 00798nas a2200205 i 4500
001 acta54816
005 20260224081030.0
008 180530s2018 hu o 000 eng d
022 |a 1417-3875 
024 7 |a 10.14232/ejqtde.2018.1.11  |2 doi 
040 |a SZTE Egyetemi Kiadványok Repozitórium  |b hun 
041 |a eng 
100 1 |a Samprogna Rodrigo A. 
245 1 0 |a Robustness with respect to exponents for nonautonomous reaction–diffusion equations  |h [elektronikus dokumentum] /  |c  Samprogna Rodrigo A. 
260 |c 2018 
300 |a 1-15 
490 0 |a Electronic journal of qualitative theory of differential equations 
695 |a Laplace-egyenlet, Aszimptotikus viselkedés 
700 0 1 |a Simsen Jacson  |e aut 
856 4 0 |u http://acta.bibl.u-szeged.hu/54816/1/ejqtde_2018_011_001-015.pdf  |z Dokumentum-elérés